Marvel Comics: 100 Tiny Heroes Quiz Stats

 Plays Quiz Updated May 13, 2018

Challenge
Share
Tweet
Score 0/100 Timer 08:00
22 Plays Today
% Correct
Thor
96.1%
Hulk
96.1%
Spider-Man
93.7%
Iron Man
93.6%
Captain
America
91.6%
Thing
89.8%
Wolverine
89.6%
Ant-Man
86.9%
Groot
86%
Invisible
Woman
85.6%
Dr. Strange
84.9%
Beast
83.9%
Storm
82.5%
Hawkeye
80.3%
Human
Torch
79.5%
Black
Widow
78.7%
Ghost Rider
78.6%
Red Hulk
78.3%
Daredevil
77.7%
Punisher
77.3%
She-Hulk
76.8%
Mr. Fantastic
76.4%
War Machine
76.4%
Cyclops
76.1%
Star-Lord
75.4%
Nick Fury
72.8%
Black
Panther
72.5%
Drax
72%
Scarlet
Witch
71.9%
Captain
Marvel
71.3%
Nightcrawler
70.7%
Luke Cage
70.1%
Rogue
69.9%
Angel
68.3%
% Correct
Gambit
68.1%
Colossus
67.2%
Jean Grey
67.1%
Iron Fist
65.3%
Silver
Surfer
62.9%
Quicksilver
61.9%
Falcon
61.9%
Gamora
60.5%
Elektra
57.2%
Yondu
55.3%
Captain
Britain
54.9%
Cable
54.5%
Spider
Woman
54.3%
Squirrel Girl
52.5%
Namor
52.1%
Moon Knight
51.9%
Blade
50.8%
Nova
50.2%
Psylocke
44.1%
Black Bolt
44%
Havok
42%
Hercules
41.9%
Medusa
41.6%
Wonder Man
40.4%
Banshee
39.8%
Beta
Ray Bill
39.7%
Cloak
39.6%
Tigra
37.8%
Domino
37.5%
Man-Thing
37.2%
Dagger
37%
Jewel
36.2%
Warlock
36%
Sentry
32.7%
% Correct
White
Tiger
31.4%
Black
Knight
30.8%
U.S. Agent
30.6%
Firestar
30.3%
Valkyrie
29.8%
Hellcat
29.6%
Yellowjacket
28.9%
Ares
28.9%
Mockingbird
28.3%
Red She-Hulk
27.5%
Sasquatch
27.2%
Guardian
26.9%
Deathlok
25.8%
Polaris
25.2%
Gladiator
24.7%
Sunfire
23%
Moondragon
22.4%
Ka-Zar
22.1%
A-Bomb
21.1%
Whizzer
20.3%
Doc Samson
20.1%
Strong Guy
19.6%
Patriot
18.6%
Stingray
18.1%
Speedball
18%
Brother
Voodoo
17.7%
Machine Man
17.1%
Namorita
15.1%
Night
Thrasher
14.9%
Nighthawk
14.1%
Hellstorm
12%
Firelord
11.1%

You're not logged in!

Compare scores with friends on all Sporcle quizzes.
OR
Log In

You Might Also Like...

Show Comments

Extras

Top Quizzes Today


Score Distribution

Your Account Isn't Verified!

In order to create a playlist on Sporcle, you need to verify the email address you used during registration. Go to your Sporcle Settings to finish the process.

Report this User

Report this user for behavior that violates our Community Guidelines.

Details: